Регионална библиотека "Любен Каравелов" - Русе

Библиотечно, справочно-библиографско и информационно обслужване (Запис номер 152029)

MARC детайли
000 -Лидер
Контролно поле с фиксирана дължина 03281nam a2200541 c 4500
003 - Код на организацията, давaща контролен номер
Контролно поле BLK
005 - Дата и час на последна редакция
Контролно поле 20230317100200.0
008 - Елементи от данни с фиксирана дължина
fixed length control field 180410b bul|||||r ||||||| ||bul||
010 ## - Наследен системен номер
LC control number KNG00158472000
020 ## - Международен стандартен номер на книга ISBN
Международен стандартен номер на книга ISBN 978-954-9837-26-1
-- издат.: Бълг. библиотечно-информ. асоц.
040 ## - Източник на каталожния запис
Идентификатор на билиотеката - собственик на записа BLK
041 ## - Код за език
Код за езика на текст/звукозапис или на отделно заглавие Български
Код за езика КДБФ Български
072 #7 - Код за тематичната категория
Код организация bullib
Код за тематична категория Н02
Текст Библиотечно дело Н
072 #7 - Код за тематичната категория
Код организация bullib
Код за тематична категория Я
Текст Автографи
080 ## - УДК
Текстов определител УДК Библиотечно дело. Библиотекознание - Теория на библиотечното дело. Общи въпроси на библиотекознанието
УДК код - определител по УДК 02
УДК определител (075)
УДК - код + определител 02(075)
080 ## - УДК
Текстов определител УДК
УДК код - определител по УДК 024/025
УДК определител (075)
УДК - код + определител 024/025(075)
080 ## - УДК
Текстов определител УДК Библиотечно дело. Библиотекознание - Теория на библиотечното дело. Общи въпроси на библиотекознанието
УДК код - определител по УДК 02
УДК определител :681.3(075)
УДК - код + определител 02:681.3(075)
100 1# - Редна дума - Автор
Автор Янакиева, Елена Асенова
Авторска отговорност първи автор
R(LIN) 371317
139 ## - Редно поле
Редна дума Библиотечно, справочно-библиографско и информационно обслужване
Авторски знак Би - Б 44
245 10 - Сведения за заглавието
Заглавие Библиотечно, справочно-библиографско и информационно обслужване
Подзаглавни данни Учебник
Редно поле (дума) Елена Асенова Янакиева; * Красимира Русева Игнатова; * Красимира Иванова Папазова; * Цветанка Христова Панчева.
257 ## - Страна на издаване
Страна на създаване/издаване България
260 ## - Област на издателските данни
-- София
Име на издателя, разпространителя и проч. Бълг. библиотечно-информ. асоц.
Година на издаване 2013
Печатница София : ПК Д. Благоев
300 ## - Физическа характеристика
Страници 276 с.
Илюстрации и др. с цв. ил., табл.
Размери/Мащаб 23 см
380 ## - Жанр
Жанр Общ отдел
500 ## - Общи забележки
Забележка Други авт. : Кр. Игнатова, Кр. Папазова, Цв. Панчева. - Библиогр. под линия.
650 #4 - Допълнително описание по предмет – тема
Основно описание – тема или топоним Библиотекознание - учебници
9 (RLIN) 331640
650 #4 - Допълнително описание по предмет – тема
Основно описание – тема или топоним Библиотеки - обслужване на читатели - учебници
9 (RLIN) 331642
650 #4 - Допълнително описание по предмет – тема
Основно описание – тема или топоним Библиотеки - справочно-библиографска и информационна работа - учебници
9 (RLIN) 331643
650 #4 - Допълнително описание по предмет – тема
Основно описание – тема или топоним Информационни и комуникационни технологии - приложение - в библиотечното дело
9 (RLIN) 285769
653 ## - Ключова дума – ненормативна
Ключова дума библиотечно дело
653 ## - Ключова дума – ненормативна
Ключова дума библиотекознание
653 ## - Ключова дума – ненормативна
Ключова дума библиотечно обслужване
653 ## - Ключова дума – ненормативна
Ключова дума справочно-библиографска работа
653 ## - Ключова дума – ненормативна
Ключова дума информационни технологии
653 ## - Ключова дума – ненормативна
Ключова дума комуникационни технологии
653 ## - Ключова дума – ненормативна
Ключова дума библиотеки
653 ## - Ключова дума – ненормативна
Ключова дума учебници
659 ## - Тематичен бюлетин
Тематичен бюлетин Н
659 ## - Тематичен бюлетин
Тематичен бюлетин Я
700 1# - Други автори (авторска отговорност)
Лично име Игнатова, Красимира Русева
Автороска отговорност (Описва отношението между автора и произведението) *
9 (RLIN) 380727
700 1# - Други автори (авторска отговорност)
Лично име Папазова, Красимира Иванова
Автороска отговорност (Описва отношението между автора и произведението) *
9 (RLIN) 380728
700 1# - Други автори (авторска отговорност)
Лично име Панчева, Цветанка Христова
9 (RLIN) 371495
852 ## - Местоположение
Форматна сигнатура Цб 268262
856 4# - Електронен адрес и достъп
Електронен формат pdf - файл
Път до файла /url/
856 4# - Електронен адрес и достъп
Електронен формат pdf - файл
Път до файла /url/
942 ## - АРТИКУЛИ
Вид на библиотечния материал Книги
Скрит в OPAC Не
Koha issues (borrowed), all copies 5
944 ## - СЪЗДАВАНЕ И РЕДАКЦИЯ на ЗАПИСА
Създаване/Редакция Създаване
Дата на регистрацията/редакция 24.03.2014
Статус, дата на статуса ф /
Служител, извършил регистрацията/редакцията Людмила_Стоянова
944 ## - СЪЗДАВАНЕ И РЕДАКЦИЯ на ЗАПИСА
Създаване/Редакция Редакция
Дата на регистрацията/редакция 16.04.2015
Статус, дата на статуса ф /
Служител, извършил регистрацията/редакцията Пенка_Димитрова
999 ## - СИСТЕМНИ КОНТРОЛНИ НОМЕРА
Koha biblionumber 152029
Koha biblioitemnumber 152029
Наличности
Код за отписване Код за изгубен артикул Код за повреда Коз за рестрикции Код за отдаване Артикулен № Име на библиотеката - собственик Име на библиотеката, в която се намира в момента Статус (Текущо местоположение) Дата на вписване в системата Местоположение - отдел Цена в лева Номерация (Хронология) Инвентарен номер Систематично азбучна сигнатура Баркод Номер на екземпляра Цена в евро Служебна бележка Служебен тип на артикула Източник на класификационната схема
  Не е изгубен Не е повреден без рестрикции ползва се в читалня 253886 Регионална библиотека "Любен Каравелов" Русе Регионална библиотека "Любен Каравелов" Русе Хранилище 2014-03-24 Основен фонд - ползва се само за читалня 12.00 Автограф: Красимира Игнатова 120000776025 Цб 268262 120000776025 1 6.14 Дост: Pk Вид: Ф N: 392 Дата: 21.03.2014 Книги  
  Не е изгубен Не е повреден само за читалня ползва се в читалня 253887 Регионална библиотека "Любен Каравелов" Русе Регионална библиотека "Любен Каравелов" Русе СБИД 2014-03-24 СБИД 12.00   120000776026 С 02/Б 44 120000776026 2 6.14 Дост: Pk Вид: Ф N: 392 Дата: 21.03.2014 Дата инв: 07.06.2017 Бележки инв: С2017 Книги Universal Decimal Classification
  Не е изгубен Не е повреден без рестрикции ползва се в читалня 253888 Регионална библиотека "Любен Каравелов" Русе Регионална библиотека "Любен Каравелов" Русе Хранилище 2015-04-16 Хранилище 12.00   120000787123 Цб 268262 120000787123 3 6.14 Дост: Dp Вид: Д N: 39 Дата: 04.09.2014 Книги  
Vip Innovations Ltd, Rousse, Bulgaria 2025